00656cam a22002051 450000100060000000300080000600500170001400800410003103500190007204000340009104100080012508200220013324501080015526000400026330000260030350400380032965000220036770000310038970000300042012679BD-RjUL20211208235335.0140129s1966 pau b 001 0 eng d a(BD-RjUL)12729 aDLCcDLCdDLCd(BD-RjUL)beng aeng00a616.855bSPE 196610aSpeech pathology :ban international study of the science /cedited by R. W. Rieber and R. S. Brubaker. aPhiladelphia :bLippincott,cc1966. axix, 654 p. ;c23 cm. aIncludes bibliographies and Index 0aSpeech disorders.1 aRieber, R. W.ejoint comp.1 aBrubaker, Robert Stewart,